000 00676nam a2200229Ii 4500
003 JO-AjNU
008 230606s9999||||xx |||||||||||||| ||und||
017 _a2015/12/5853
020 _a978-9957-02-610-3
040 _aJO-AjNU
_beng
_erda
_cJO-AjNU
041 _aeng
050 1 4 _aTA444.2016
100 3 _aMailyan, Dmitry/ Husein ALZGOOL,
_eauthor
_95123
245 0 0 _aConcrete and Reinforced Concrete Strucures
250 _a1 ed
264 3 1 _aعمان:دار مجدلاوي للنشر, 2016
300 _a500p
336 _atext
_btxt
_2rdacontent
337 _aunmediated
_bn
_2rdamedia
338 _avolume
_bnc
_2rdacarrier
650 4 _aPresreessed Concrete
_95124
999 _aE2649
_c2647
_d2647